000 01471nam0a2200325 4500
001 RU\NLR\bibl\989885
005 20260406065935.0
010 _a5-93878-253-8
_bС: Лучшие психотехнологии мира
010 _a5-93878-220-1
_bС: Психология - лучшее
_91500
021 _aRU
_b2006-52684
_92597
035 _a(NLR Aleph) 000977705
090 _a439264
_c439264
100 _a20061002d2006 |||y0rusy50 ca
101 1 _arus
_ceng
102 _aRU
105 _aa |||||||||
200 1 _aНЛП-мастер
_iВысшая магия НЛП
_eполный сертификационный курс
_fМ. Холл, Б. Боденхамер
_g[пер. с англ.: Н. Миронов]
210 _aСанкт-Петербург
_cПрайм-ЕВРОЗНАК
_d2006
215 _a544 с.
_cил.
_d20
225 1 _aПроект Психология
_eлучшее
320 _aБиблиогр.: с. 543-544
606 1 _aНейролингвистическое программирование
_jРуководства, пособия и т.п.
_91070284
_3RU\NLR\auth\6698234
686 _aЮ948.1-82я7
700 1 _4070
_8rus
_7ca
_aХолл
_bЛ. М.
_gЛ. Майкл
_3RU\NLR\auth\7715347
_9125002
701 1 _4070
_8rus
_7ca
_aБоденхамер
_bБ. Г.
_gБоб Г.
_3RU\NLR\auth\7724269
_97320
801 0 _aRU
_bNLR
_c20061003
_grcr
801 1 _aRU
_bNLR
_c20061003
942 _cBOOK
980 _aNB